| 000 | 01685nam0a2200349 4500 | ||
|---|---|---|---|
| 001 | RU\NLR\bibl\742158 | ||
| 005 | 20260406064206.0 | ||
| 021 |
_aRU _b2004-80540 _93974 |
||
| 035 | _a(NLR Aleph) 000732025 | ||
| 090 |
_a768688 _c768688 |
||
| 100 | _a20050331d2004 |||y0rusy50 ca | ||
| 101 | 0 | _arus | |
| 102 | _aRU | ||
| 105 | _ay ||||||||| | ||
| 135 | _acrmn mmmanaba | ||
| 200 | 1 |
_aС верой _eо современниках, коллегах и друзьях _fВилен Иванов |
|
| 210 |
_aМосква _c[б. и.] _d2004 |
||
| 215 |
_a275, [1] с. _d20 |
||
| 320 | _aБиблиогр. в подстроч. прим. | ||
| 325 | 1 | _aКопия доступна в электронной библиотеке РНБ | |
| 327 | 1 | _aСодерж.: циклы: O tempora, o mores! Политика и политики; Черномырдиана; Служители муз; Ученые; Коллеги-социологи; Эскулапы и пациенты; Дачные сюжеты; Послесловие | |
| 686 | _aШ6(2=Р)75-5 | ||
| 700 | 1 |
_4070 _7ca _8rus _aИванов _bВ. Н. _cд-р филос. наук, поэт _f1934- _gВилен Николаевич _96809 _3RU\NLR\AUTH\7723756 |
|
| 801 | 0 |
_aRU _bNLR _c20050331 _gPSBO |
|
| 801 | 1 |
_aRU _bNLR _c20050331 |
|
| 901 | _eКнижные издания | ||
| 942 | _cBOOK | ||
| 980 | _aNB | ||
| 981 | 1 | 3 |
_a(13) Документы, защищенные авторским правом _b(13) Современная научная, научно-популярная и популярная л |